Financial accounting : principles and applications
Αποθηκεύτηκε σε:
| Κύριος συγγραφέας: | |
|---|---|
| Άλλοι συγγραφείς: | , |
| Μορφή: | Βιβλίο |
| Γλώσσα: | English |
| Δημοσίευση: |
New York :
Gregg Division, McGraw-Hill,
c1986
|
| Έκδοση: | 5th ed. |
| Θέματα: | |
| Ετικέτες: |
Προσθήκη ετικέτας
Δεν υπάρχουν, Καταχωρήστε ετικέτα πρώτοι!
|
MARC
| LEADER | 00000cam a2200000 i 4500 | ||
|---|---|---|---|
| 001 | 1/59436 | ||
| 008 | 950813s1986 eng d | ||
| 020 | |a 0070082618 | ||
| 035 | |l 10028538 | ||
| 040 | |a GR-MY-UA |b gre |e aacr | ||
| 041 | 0 | |a eng | |
| 082 | 0 | |a 657 |2 (19) | |
| 100 | 1 | |a Brock, Horace R. | |
| 245 | 1 | 0 | |a Financial accounting : |b principles and applications / |c Horace R. Brock, Charles E. Palmer, Billie M. Cunningham |
| 250 | |a 5th ed. | ||
| 260 | |a New York : |b Gregg Division, McGraw-Hill, |c c1986 | ||
| 300 | |a xvi, 896 σ.; |b εικ.; |c 24 εκ. | ||
| 500 | |a Consists of part 1-2 of Accounting : principles and applications. 5th ed. c1985 | ||
| 504 | |a Περιλαμβάνει ευρετήριο | ||
| 650 | 0 | 0 | |a Accounting. |
| 700 | 1 | |a Palmer, Charles Earl |d 1919- | |
| 700 | 1 | |a Cunningham, Billie M. | |
| 852 | |a INST |b CHIOS |e 19950813 |h 657 BRO |p 005200001156 |q 005200001156 |t BK |y 0 | ||
| 909 | |a Χ |b 005461 | ||